00303nam a2200121Ia 4500008004100000041000800041082001600049100001900065245002400084260003700108300002900145365000700174240624s9999 xx 000 0 und d aeng a658.812 BAR aBARLOW JANELLE aCOMPLAINT IS A GIFT c2003aNew DelhibTata McGrawhill ax, : 222 : p. : cm. ; 23 cRS